[Event "Paris-ch"]
[Site "Paris"]
[Date "1988.??.??"]
[Round "1"]
[White "Boudre, Jean Pierre"]
[Black "Abramovic, Bosko"]
[Result "0-1"]
[WhiteElo "2320"]
[BlackElo "2460"]

1.e4 c5 2.Nf3 e6 3.d4 cxd4 4.Nxd4 a6 5.Nc3 b5 6.g3 Bb7 7.Bg2 Nf6 8.Qe2 b4
9.Na4 d5 10.Bg5 Be7 11.e5 Nfd7 12.Bxe7 Qxe7 13.f4 O-O 14.O-O Nc6 15.Nb3 a5
16.Qf2 Ba6 17.Rfd1 Bb5 18.Nac5 Nxc5 19.Qxc5 Qxc5+ 20.Nxc5 Ra7 21.a4 Bc4 22.b3 Ba6
23.f5 Bc8 24.fxe6 fxe6 25.Bh3 Re8 26.Nd3 Rc7 27.Rd2 Nd8 28.Re1 Rc3 29.Nf4 Rf8
30.Bf1 Nf7 31.Ne2 Re3  0-1

[Event "World op"]
[Site "Philadelphia"]
[Date "1988.??.??"]
[Round "?"]
[White "Van Riemsdijk, Herman C"]
[Black "Meyer, E."]
[Result "0-1"]
[WhiteElo "2335"]
[BlackElo "2470"]

1.e4 c5 2.Nf3 e6 3.d4 cxd4 4.Nxd4 a6 5.Nc3 Qc7 6.g3 Bb4 7.Ne2 Nf6 8.Bg2 Be7
9.Nf4 d6 10.g4 Nc6 11.g5 Nd7 12.h4 b5 13.Nd3 Bb7 14.Be3 Nce5 15.Bd4 Qc4 16.Ne2 Rc8
17.f4 Ng4 18.b3 Qxc2 19.Qxc2 Rxc2 20.Bf3 f5 21.Bxg7 Rg8 22.Bd4 fxe4 23.Nb4 exf3
24.Nxc2 fxe2 25.Rg1 Nh2 26.Kxe2 Nf3 27.Rg3 Nxh4 28.Be3 Be4 29.Rc1 Nc5 30.b4 Nd3
31.Rf1 Nf5 32.Rgg1 Kd7  0-1

[Event "Reggio Emilia8889-B"]
[Site "Reggio Emilia"]
[Date "1988.??.??"]
[Round "2"]
[White "Landenbergue, Claude"]
[Black "Wagman, Stuart"]
[Result "1/2-1/2"]
[WhiteElo "2325"]
[BlackElo "2215"]

1.e4 c5 2.Nf3 e6 3.d4 cxd4 4.Nxd4 a6 5.Nc3 Qc7 6.g3 Nf6 7.Bg2 Be7 8.O-O d6
9.Re1 Bd7 10.a4 Nc6 11.Nxc6 Bxc6 12.Bf4 Qa5 13.Bd2 Qc7 14.Bf4  1/2-1/2

[Event "URS-ch sf"]
[Site "Riga"]
[Date "1988.??.??"]
[Round "?"]
[White "Yurtaev, Leonid"]
[Black "Janjgava, Lasha"]
[Result "1/2-1/2"]
[WhiteElo "2485"]
[BlackElo "2470"]

1.e4 c5 2.Nf3 e6 3.Nc3 a6 4.d4 cxd4 5.Nxd4 Qc7 6.Be2 b5 7.O-O Bb7 8.a3 Nc6
9.Nxc6 dxc6 10.Qd3 Nf6 11.f4 Rd8 12.Qg3 c5 13.e5 Ne4 14.Nxe4 Bxe4 15.c4 Qb7
16.cxb5 axb5 17.a4 bxa4 18.Rxa4 Bc6 19.Ra3 Bd5 20.Bd1 Bc6 21.Rb3 Qd7 22.Be3 g6
23.Be2 Be7 24.Rc1 O-O 25.Bxc5 Qd2 26.Qe3 Bxc5 27.Rxc5 Ba4 28.Ra3 Qxe3+ 29.Rxe3 Rd2
30.Bb5 Rb8 31.Bxa4 Rbxb2 32.Bb5 Rxg2+ 33.Kf1 Rxh2 34.Kg1 Rbg2+ 35.Kf1 Rf2+
36.Kg1 Rhg2+ 37.Kh1 Rg4 38.Rc4 Rgxf4 39.Rxf4 Rxf4 40.Kg2 h5 41.Rf3 Rxf3 42.Kxf3 Kg7
43.Kg3 f6 44.Kf4 fxe5+ 45.Kg5 e4 46.Be2 e5 47.Bc4 Kf8 48.Be2 Kf7 49.Bd1 e3
50.Bf3 Kg7 51.Be2 Kf7 52.Kh4 Ke6 53.Kg3 Kf6 54.Kf3 g5 55.Kxe3 g4 56.Ke4 Kg5
57.Kxe5 g3 58.Bf1 Kg4 59.Ke4 h4 60.Ke3  1/2-1/2

[Event "Sarajevo"]
[Site "Sarajevo"]
[Date "1988.??.??"]
[Round "?"]
[White "Klinger, Josef"]
[Black "Dizdarevic, Emir"]
[Result "0-1"]
[WhiteElo "2505"]
[BlackElo "2485"]

1.e4 c5 2.Nf3 e6 3.d4 cxd4 4.Nxd4 a6 5.Nc3 Qc7 6.g3 Bb4 7.Ne2 Be7 8.Bg2 Nf6
9.O-O Nc6 10.h3 O-O 11.f4 b5 12.a3 Rb8 13.Kh1 a5 14.e5 Ne8 15.Ne4 d6 16.exd6 Nxd6
17.Nxd6 Bxd6 18.Be3 Ne7 19.Nd4 Bb7 20.Qe2 Qc4 21.Rad1 Bd5 22.Qf2 Bxg2+ 23.Qxg2 Rfd8
24.Kh2 h5 25.Rf2 Nd5 26.Bc1 Qc7 27.Qf3 h4 28.gxh4 Bc5 29.Rg2 Bxd4 30.Rxd4 Ne7
31.Rxd8+ Rxd8 32.b3 f6 33.Bb2 Nd5 34.h5 Qxf4+ 35.Qxf4 Nxf4 36.Bxf6 Rd7 37.Rf2 gxf6
38.Rxf4 f5 39.a4 Rd2+ 40.Kg3 Rxc2 41.axb5 Rc5 42.Rd4 Rxb5 43.Rd3 Kg7 44.Kh4 Kh6
45.Re3 Rb4+  0-1

[Event "Stara Pazova"]
[Site "Stara Pazova"]
[Date "1988.??.??"]
[Round "6"]
[White "Kosanovic, Goran A"]
[Black "Abramovic, Bosko"]
[Result "0-1"]
[WhiteElo "2395"]
[BlackElo "2445"]

1.e4 c5 2.Nf3 e6 3.d4 cxd4 4.Nxd4 a6 5.Nc3 b5 6.Bd3 Bb7 7.O-O Qc7 8.Qe2 Nf6
9.Bg5 Bc5 10.Nb3 Bd6 11.Kh1 h6 12.Bh4 Nc6 13.Bxb5 axb5 14.Nxb5 Qb8 15.Rad1 Be7
16.Bg3 e5 17.f4 d6 18.Bh4 Ba6 19.a4 Bxb5 20.axb5 Nd8 21.fxe5 dxe5 22.Bxf6 gxf6
23.c4 Ne6 24.c5 Ra4 25.b6 Rb4 26.Qd3 O-O 27.Qg3+ Kh7 28.Qc3 Rxb3 29.Qxb3 Nxc5
30.Qb5 Qe8 31.Qa5 Nxe4 32.Qd5 Nd6 33.Ra1 Qb5 34.Qxb5 Nxb5 35.Ra5 Nd4 36.Ra6 Kg7
37.g4 Rb8 38.Rc1 Bd8 39.b7 Rxb7 40.Rc8 Rxb2  0-1

[Event "Rilton Cup"]
[Site "Stockholm"]
[Date "1988.??.??"]
[Round "?"]
[White "Denis, Laurent"]
[Black "Nordstrom, Felix"]
[Result "1-0"]
[WhiteElo "2215"]
[BlackElo "2290"]

1.e4 c5 2.Nf3 e6 3.d4 cxd4 4.Nxd4 a6 5.Nc3 Qc7 6.g3 Nf6 7.Bg2 d6 8.O-O Be7
9.Be3 O-O 10.f4 Nc6 11.Nb3 b5 12.a3 Bd7 13.g4 Rfd8 14.g5 Ne8 15.Qh5 g6 16.Qh4 Ng7
17.f5 exf5 18.Nd5 Qc8 19.Bd4 h5 20.Na5 Bf8 21.Nxc6 Bxc6 22.Nf6+ Kh8 23.exf5 Bxg2
24.Kxg2 Qc6+ 25.Kg1 d5 26.fxg6 fxg6 27.Nxh5 gxh5 28.Qxh5+ Kg8 29.Qf7+ Kh7
30.Rf6  1-0

[Event "Rilton Cup"]
[Site "Stockholm"]
[Date "1988.??.??"]
[Round "?"]
[White "Winge, Stefan"]
[Black "Welin, Thomas"]
[Result "0-1"]
[WhiteElo "2240"]
[BlackElo "2390"]

1.e4 c5 2.Nf3 e6 3.d4 cxd4 4.Nxd4 a6 5.Nc3 Qc7 6.Be2 Nf6 7.O-O Nc6 8.Be3 Bb4
9.Na4 Be7 10.Nxc6 bxc6 11.Nb6 Rb8 12.Nxc8 Qxc8 13.e5 Nd5 14.Bc1 Bc5 15.c4 Ne7
16.Bd3 Bd4 17.Qe2 Qc7 18.Re1 Ng6 19.Bxg6 fxg6 20.Kh1 O-O 21.f4 g5 22.Rb1 gxf4
23.Qe4 c5 24.Bxf4 Rxb2 25.Rxb2 Bxb2 26.Bg3 Qa5 27.h4 Qxa2 28.Qb7 Bd4 29.Qxd7 Qxc4
30.Kh2 h6 31.Rb1 Bf2 32.Bxf2 Rxf2 33.Kg1 Rf5 34.Rb8+ Kh7 35.Qd8  0-1

[Event "DDR-ch (Women)"]
[Site "Stralsund"]
[Date "1988.??.??"]
[Round "1"]
[White "Wagner Michel, Annett"]
[Black "Broeder, Iris"]
[Result "1/2-1/2"]
[WhiteElo "2225"]
[BlackElo "2205"]

1.e4 c5 2.Nf3 e6 3.d4 cxd4 4.Nxd4 a6 5.Nc3 Qc7 6.g3 Bb4 7.Ne2 Nf6 8.Bg2 Be7
9.O-O O-O 10.a4 Nc6 11.Nf4 d6 12.g4 Rd8 13.g5 Ne8 14.Be3 b6 15.h4 Bb7 16.h5 Ne5
17.g6 hxg6 18.hxg6 Nxg6 19.Nxg6 fxg6 20.Qg4 Kf7 21.Bh3 Bc8 22.f4 Nf6 23.Qg2 d5
24.f5 gxf5 25.exf5 e5 26.Qg6+ Kf8 27.Bg2 Bc5 28.Bxc5+ Qxc5+ 29.Kh1 Ra7 30.Rad1 Rf7
31.Rf3 e4 32.Rh3 Ng8 33.Bxe4 d4 34.Ne2 Bxf5 35.Bxf5 Rxf5 36.Qe6 Qd5+ 37.Qxd5 Rfxd5
38.Rhd3 Rh5+ 39.Kg2 Rg5+ 40.Rg3 Rc5 41.c3 Nf6  1/2-1/2

[Event "DDR-ch (Women)"]
[Site "Stralsund"]
[Date "1988.??.??"]
[Round "9"]
[White "Wagner Michel, Annett"]
[Black "Jahn, Constanze"]
[Result "0-1"]
[WhiteElo "2225"]
[BlackElo "2210"]

1.e4 c5 2.Nf3 e6 3.d4 cxd4 4.Nxd4 a6 5.Nc3 Qc7 6.g3 Nf6 7.Bg2 Be7 8.O-O O-O
9.a4 Nc6 10.Nb3 d6 11.g4 d5 12.exd5 Rd8 13.g5 Nxd5 14.Nxd5 exd5 15.c3 Bf5
16.Be3 Bd6 17.Qh5 Bf4 18.Rfe1 Bxe3 19.Rxe3 Qb6 20.Qd1 Be4 21.a5 Qc7 22.Bxe4 dxe4
23.Qg4 Qe5 24.Rxe4 Qb5 25.Nd4 Qxb2 26.Rae1 Nxd4 27.cxd4 Qb5 28.Re5 Rd5 29.Qf5 Rxe5
30.Rxe5 Qa4 31.Re7 Rf8 32.d5 g6 33.Qf3 Qxa5 34.Rxb7 Qd2 35.h4 Qd4 36.Kf1 a5
37.Re7 Qc4+ 38.Kg1 Qxh4 39.d6 Qxg5+ 40.Kf1 Qc1+ 41.Kg2 Qc5 42.Qf6 Qd5+ 43.Kh2 a4
44.Ra7 Qe6 45.Qd4 Rd8 46.d7 a3 47.Qh4 Rxd7 48.Rxa3 Qe5+ 49.Kg2 Kg7 50.Rh3 h5
51.Rg3 Rd4 52.Qh3 Rd8 53.Rf3 Qe1 54.Qh2 Qd1 55.Kg3 Rd4 56.Rf4 Qd3+ 57.Kg2 Rd5
58.Qh3 Rg5+  0-1

[Event "DDR-ch (Women)"]
[Site "Stralsund"]
[Date "1988.??.??"]
[Round "10"]
[White "Wagner Michel, Annett"]
[Black "Nuenchert, Eveline"]
[Result "1-0"]
[WhiteElo "2225"]
[BlackElo "2135"]

1.e4 c5 2.Nf3 e6 3.d4 cxd4 4.Nxd4 a6 5.Nc3 Qc7 6.g3 Nf6 7.Bg2 Be7 8.O-O d6
9.f4 O-O 10.a4 Nc6 11.Nb3 Bd7 12.Be3 Na5 13.Nxa5 Qxa5 14.g4 Rfd8 15.g5 Ne8
16.Qd2 Bf8 17.Qf2 Qb4 18.f5 Nc7 19.Bb6 Qc4 20.Rad1 Rac8 21.Rd3 e5 22.Rh3 g6
23.b3 Qc6 24.fxg6 Be6 25.gxf7+  1-0

[Event "DDR-ch (Women)"]
[Site "Stralsund"]
[Date "1988.??.??"]
[Round "12"]
[White "Wagner Michel, Annett"]
[Black "Seidemann, Ulrike"]
[Result "1/2-1/2"]
[WhiteElo "2225"]
[BlackElo "2080"]

1.e4 c5 2.Nf3 e6 3.d4 cxd4 4.Nxd4 a6 5.Nc3 Qc7 6.g3 Bd6 7.Bg2 Nf6 8.Bd2 Be7
9.a4 Nc6 10.Nb3 b6 11.f4 d6 12.O-O Bb7 13.Be3 O-O 14.g4 Rfd8 15.g5 Ne8 16.Qh5 Nb4
17.Rac1 g6 18.Qh4 Rab8 19.f5 exf5 20.exf5 Bxg2 21.fxg6 fxg6 22.Kxg2 d5 23.Rf3 Bd6
24.Nd4 Qc4 25.Qh6 Rb7 26.Rcf1 Ng7 27.Rh3 Nh5 28.Rhf3 Qc8 29.Nf5 Nxc2 30.Nxd6 Nxe3+
31.Rxe3 Rxd6 32.Ref3 Rd8 33.Nxd5 Rg7 34.Nf6+ Nxf6 35.gxf6 Qg4+ 36.Kh1 Rf7
37.Qe3 Qd4 38.Qe6 b5 39.Qxa6 bxa4 40.Qa5 Rdf8 41.Rf4 Qxb2 42.Rxa4 Qb7+ 43.Kg1  1/2-1/2

[Event "Tel Aviv"]
[Site "Tel Aviv"]
[Date "1988.??.??"]
[Round "?"]
[White "Gallagher, Joseph G"]
[Black "Stepak, Yedael"]
[Result "1-0"]
[WhiteElo "2480"]
[BlackElo "2355"]

1.e4 c5 2.Nf3 e6 3.d4 cxd4 4.Nxd4 a6 5.Nc3 Qc7 6.f4 Nc6 7.Be2 Bc5 8.Nxc6 bxc6
9.Qd3 d5 10.Be3 Bxe3 11.Qxe3 Ne7 12.O-O Qa7 13.Qxa7 Rxa7 14.Bf3 O-O 15.Na4 a5
16.b3 Ba6 17.Rfd1 Rb8 18.g3 g6 19.Nc5 Kg7 20.Rac1 h5 21.c4 Rd8 22.Rd2 Bb7
23.Kf2 Ba8 24.h3 Rh8 25.Na4 Rb8 26.Nc5 Rh8 27.Rdc2 Rd8 28.Re2 Rb8 29.Ree1 Rh8
30.Rh1 Kf6 31.g4 hxg4 32.hxg4 Rxh1 33.g5+ Kg7 34.Bxh1 Kg8 35.Ke3 Kg7 36.Bf3 dxe4
37.Bxe4 Rc7 38.Rd1 Rc8 39.Rd7 Nd5+ 40.cxd5 cxd5 41.Nxe6+ Kg8 42.Bxg6 fxg6
43.Kd4 Bc6 44.Rg7+ Kh8 45.Rc7 Rxc7 46.Nxc7 Kg7 47.Nxd5 Kf7 48.Ke5 Bb5 49.a3 Bd3
50.b4 axb4 51.axb4 Bc4 52.Kd6 Bd3 53.Nc7  1-0

[Event "Tel Aviv"]
[Site "Tel Aviv"]
[Date "1988.??.??"]
[Round "?"]
[White "Enoshi, Arik"]
[Black "Stepak, Yedael"]
[Result "0-1"]
[WhiteElo "2255"]
[BlackElo "2355"]

1.e4 c5 2.Nf3 e6 3.d4 cxd4 4.Nxd4 a6 5.Nc3 b5 6.Be3 Bb7 7.f3 Qc7 8.Qd2 Nf6
9.Bd3 d5 10.exd5 Nxd5 11.Nxd5 Bxd5 12.O-O Bd6 13.h3 O-O 14.f4 Nd7 15.Nb3 Nb6
16.Qf2 Nc4 17.Qh4 f5 18.Bd4 Be7 19.Qf2 Bf6 20.Rae1 Nxb2 21.Bxf5 exf5 22.Bxf6 Rxf6
23.Qd4 Qb6  0-1

[Event "Thessaloniki ol (Women)"]
[Site "Thessaloniki"]
[Date "1988.??.??"]
[Round "?"]
[White "Savova, Stefka"]
[Black "Burijovich, Liliana"]
[Result "1-0"]
[WhiteElo "2170"]
[BlackElo "2160"]

1.e4 c5 2.Nf3 e6 3.d4 cxd4 4.Nxd4 a6 5.Nc3 Qc7 6.g3 Bb4 7.Qd3 Nf6 8.Bg2 Nc6
9.Nxc6 bxc6 10.O-O d5 11.a3 Be7 12.Re1 Bb7 13.Bf4 Qb6 14.b4 O-O 15.Rab1 Rfd8
16.Na4 Qb5 17.Nc5 Qxd3 18.cxd3 Bc8 19.Bc7 Re8 20.h3 a5 21.e5 axb4 22.axb4 Nd7
23.d4 Bxc5 24.bxc5 Ba6 25.Ra1 Bb5 26.f4 h6 27.h4 Rec8 28.Bd6 Kh7 29.Bh3 Bd3
30.Kf2 g6 31.Bg4 Kg7 32.Red1 Bb5 33.Re1 Nf8 34.Ke3 Nh7 35.Bd1 f6 36.Bc2 f5
37.Rh1 g5 38.Rhg1 g4 39.Rgb1 Nf8 40.h5 Kf7  1-0

[Event "Thessaloniki ol (Men)"]
[Site "Thessaloniki"]
[Date "1988.??.??"]
[Round "6"]
[White "Motwani, Paul"]
[Black "Gheorghiu, Florin"]
[Result "1/2-1/2"]
[WhiteElo "2455"]
[BlackElo "2485"]

1.e4 c5 2.Nf3 e6 3.d4 cxd4 4.Nxd4 a6 5.Nc3 Qc7 6.Bd3 Nf6 7.O-O Nc6 8.Be3 h5
9.h3 Nxd4 10.Bxd4 Bc5 11.Bxc5 Qxc5 12.Qd2 d6 13.a4 Bd7 14.a5 Rc8  1/2-1/2

[Event "Thessaloniki ol (Men)"]
[Site "Thessaloniki"]
[Date "1988.??.??"]
[Round "11"]
[White "Sznapik, Aleksander"]
[Black "Gheorghiu, Florin"]
[Result "1-0"]
[WhiteElo "2480"]
[BlackElo "2485"]

1.e4 c5 2.Nf3 e6 3.d4 cxd4 4.Nxd4 a6 5.Nc3 Qc7 6.Bd3 Nf6 7.O-O Nc6 8.Be3 Bd6
9.Nxc6 bxc6 10.f4 e5 11.f5 Bb4 12.Na4 d5 13.Qf3 Rb8 14.c4 d4 15.Bg5 Nd7 16.a3 Bd6
17.f6 g6 18.c5 Nxc5 19.Nxc5 Bxc5 20.b4 Bd6 21.Rfc1 a5 22.b5 c5 23.Bc4 a4
24.Rab1 Be6 25.Bxe6 fxe6 26.Qd3 Kf7 27.Qc4 Qb7 28.Re1 Rhc8 29.h4 h5 30.Kh1 Qa8
31.Bh6 Rb6 32.Bg7 Rc7 33.Re2 Ra7 34.g4 hxg4 35.Rg1 Qe8 36.Rb2 Ra5 37.Qe2 Qg8
38.Rxg4 Qh7 39.Kg2 Ra8 40.Kh3 Qh5 41.Qc4 g5 42.Qf1 Rab8 43.Rxg5 Qh7 44.Rg4 R8b7
45.Qc4 Qh5 46.Rb1 Rc7 47.Rf1 Rcb7 48.Bh6 Qxh6 49.Rg7+ Ke8 50.Qxe6+ Kd8 51.Qg8+  1-0

[Event "Thessaloniki ol (Men)"]
[Site "Thessaloniki"]
[Date "1988.??.??"]
[Round "12"]
[White "Lewis, James E"]
[Black "Pekarek, Ales"]
[Result "0-1"]
[WhiteElo "2295"]
[BlackElo "2455"]

1.e4 c5 2.Nf3 e6 3.d4 cxd4 4.Nxd4 a6 5.Nc3 Qc7 6.Be2 b5 7.O-O Bb7 8.Bf3 Nc6
9.Nxc6 Bxc6 10.Re1 Rc8 11.a3 Bd6 12.g3 Ne7 13.Bg2 O-O 14.f4 Bc5+ 15.Kh1 d5
16.b4 Bb6 17.Bb2 Rfd8 18.Qh5 d4 19.Nd1 Qb7 20.Nf2 Nf5 21.Ng4 f6 22.Qh3 Ne3
23.Nxe3 dxe3 24.Re2 Kh8 25.Qxe6 Re8 26.Qh3 Bxe4 27.Rae1 a5 28.Bxe4 Qxe4+
29.Qg2 axb4 30.Qxe4 Rxe4 31.axb4 Rxb4 32.Bc1 h5 33.Kg2 Rbc4 34.Bxe3 Bxe3
35.Rxe3 Rxc2+ 36.Kh3 Rb2 37.Re8+ Rxe8 38.Rxe8+ Kh7 39.Rc8 b4 40.Rb8 Kh6 41.Rb6 b3
42.g4 hxg4+ 43.Kxg4 Kg6 44.h3 Rb1 45.f5+ Kf7 46.Kg3 Ke7 47.Kg2 Kd7 48.Rb7+ Kc6
49.Rb8 Kd5 50.Rb7 Kc4 51.Rxg7 Rd1 52.Rc7+ Kd3 53.Rd7+ Kc2 54.Rc7+ Kb1 55.Rc6 b2
56.Rxf6 Rd2+ 57.Kf3 Rd3+ 58.Ke2 Kc2 59.Rb6 Rb3 60.Rc6+ Rc3 61.Rb6 b1=Q 62.Rxb1 Kxb1
63.h4 Rh3  0-1

[Event "Thessaloniki ol (Men)"]
[Site "Thessaloniki"]
[Date "1988.??.??"]
[Round "13"]
[White "Boey, Josef"]
[Black "Liao, Yuan Eu"]
[Result "0-1"]
[WhiteElo "2375"]
[BlackElo "2405"]

1.e4 c5 2.Nc3 e6 3.Nf3 a6 4.d4 cxd4 5.Nxd4 d6 6.Bc4 b5 7.Bb3 Bb7 8.O-O b4
9.Nd5 exd5 10.exd5 Be7 11.Re1 Kf8 12.Nf5 Bc8 13.Nxe7 Nxe7 14.a3 bxa3 15.Rxa3 Nd7
16.Ba2 Ne5 17.c4 N7g6 18.c5 h6 19.f4 Ng4 20.h3 Nf6 21.b4 Kg8 22.g4 Ra7 23.f5 Ne7
24.Bf4 dxc5 25.d6 cxb4 26.Rae3 Nc6 27.h4 Qb6 28.g5 hxg5 29.hxg5 Nh5 30.Kf1 Qb5+
31.Kf2 Qc5 32.Kf1 Nxf4 33.Re8+ Kh7 34.g6+ fxg6 35.Rxh8+ Kxh8 36.Re8+ Kh7
37.fxg6+ Nxg6 38.Bg8+ Kh6  0-1

[Event "Val Maubuee"]
[Site "Val Maubuee"]
[Date "1988.??.??"]
[Round "?"]
[White "Boudre, Jean Pierre"]
[Black "Forintos, Gyozo V"]
[Result "1/2-1/2"]
[WhiteElo "2320"]
[BlackElo "2345"]

1.e4 c5 2.Nf3 e6 3.d4 cxd4 4.Nxd4 a6 5.Nc3 Qc7 6.g3 Nc6 7.Bg2 Nf6 8.O-O Nxd4
9.Qxd4 Bc5 10.Bf4 d6 11.Qd3 h6 12.Na4 e5 13.Nxc5 dxc5 14.Be3 Ng4 15.Bd2 Bd7
16.h3 Nf6 17.Qc3 Bb5 18.Rfe1 O-O 19.a4 Bd7 20.a5 Rfe8 21.Be3 Rac8 22.Rad1 Bb5
23.Rd2 Qc6 24.f3 Nh5 25.Bf2 Qg6 26.Kh2 Bc6 27.h4 Qf6 28.Red1 Bb5 29.Bh3 Rc7
30.Rd6 Re6 31.Rxe6 fxe6 32.Rd6 Bd7 33.Bg4 g6 34.Be3 Kh7 35.b4 Ng7 36.Bxc5 Ne8
37.Qd2 Qf7 38.Rd3 Bb5 39.Rd8 h5 40.Bh3 Qxf3 41.c4 Bc6 42.Bg2 Qf7 43.Kg1 Nf6
44.Rf8 Qg7 45.Qd8 Ng4 46.Rh8+ Qxh8 47.Qxc7+ Qg7 48.Qxg7+ Kxg7 49.Kf1 Kf7
50.Ke2 Ke8 51.Bf3  1/2-1/2

[Event "Vrnjacka Banja"]
[Site "Vrnjacka Banja"]
[Date "1988.??.??"]
[Round "?"]
[White "Pavlovic, Milos"]
[Black "Abramovic, Bosko"]
[Result "0-1"]
[WhiteElo "2460"]
[BlackElo "2460"]

1.e4 c5 2.Nf3 e6 3.d4 cxd4 4.Nxd4 a6 5.Nc3 b5 6.Bd3 Bb7 7.O-O Qc7 8.Qe2 Nf6
9.Be3 b4 10.Na4 Bxe4 11.Bxe4 Nxe4 12.Rac1 Nc6 13.c3 bxc3 14.Nxc3 Nf6 15.Na4 Nd5
16.Nxc6 dxc6 17.Bd4 Bd6 18.g3 O-O 19.Qc4 Rfc8 20.Nc3 a5 21.Qe2 Qd7 22.Rfd1 Rab8
23.Ne4 Be7 24.Be5 Rb7 25.Qg4 g6 26.Qe2 Qe8 27.Qd2 f6 28.Nd6 Bxd6 29.Bxd6 a4
30.Bc5 Rcb8 31.Qd4 Rxb2 32.Qxa4 Ra8 33.Qh4 Rbxa2 34.Rb1 Qf7 35.Rb3 e5 36.Rdb1 Ra1
37.Qg4 Rxb1+ 38.Rxb1 Nc3 39.Rc1 Qd5 40.Be3 f5  0-1

[Event "Zuerich op"]
[Site "Zuerich"]
[Date "1988.??.??"]
[Round "3"]
[White "Tolnai, Tibor"]
[Black "Micheli, Carlo"]
[Result "0-1"]
[WhiteElo "2485"]
[BlackElo "2300"]

1.e4 c5 2.Nf3 e6 3.d4 cxd4 4.Nxd4 a6 5.Nc3 Qc7 6.Bd3 g6 7.f4 d6 8.Be3 Bg7
9.O-O Nf6 10.Kh1 O-O 11.a4 b6 12.Qe1 Bb7 13.Qh4 Nbd7 14.f5 exf5 15.exf5 Rae8
16.Bg5 d5 17.Rf3 Qd6 18.Raf1 Re4 19.Bxe4 dxe4 20.Rh3 Qxd4 21.Rd1 Qc4 22.b3 Qc6
23.Rxd7 Qxd7 24.Bxf6 h5 25.Bxg7 Kxg7 26.f6+ Kg8 27.Ne2 Qd2 28.Ng1 Rc8 29.Rg3 Rc5
30.h3 Rf5 31.Kh2 Qf2 32.c4 a5 33.Kh1 e3 34.Kh2 Be4  0-1

[Event "Altensteig"]
[Site "Altensteig"]
[Date "1989.??.??"]
[Round "?"]
[White "Luecke, Norbert"]
[Black "Bischoff, Klaus"]
[Result "1/2-1/2"]
[WhiteElo "2415"]
[BlackElo "2500"]

1.e4 c5 2.Nf3 e6 3.d4 cxd4 4.Nxd4 a6 5.Nc3 Qc7 6.Bd3 Nf6 7.Be3 Bc5 8.O-O d6
9.Qe2 Nbd7 10.f4 b5 11.Nb3 Bxe3+ 12.Qxe3 O-O 13.Rae1 e5 14.Kh1 Bb7 15.Qh3 Rfe8
16.f5 b4 17.Nd1 d5 18.Nd2 dxe4 19.Nxe4 Bxe4 20.Bxe4 Rad8 21.c3 Nc5 22.Bb1 a5
23.cxb4 axb4 24.Ne3 Nd3 25.Bxd3 Rxd3 26.Qh4 Rd4 27.Qf2 h6 28.Rc1 Qd7 29.Rc2 Rd8
30.Re1 e4 31.h3 Rd3 32.Ng4 Nxg4 33.hxg4 Qe7 34.Rce2 R8d4 35.Qf4 e3 36.Rxe3 Qh4+
37.Qh2 Qxg4 38.Rxd3 Rxd3 39.f6 Rd5 40.Qb8+ Kh7 41.Qe8 Qh4+ 42.Kg1 Qd4+ 43.Re3 Qxf6
44.Qe4+ Qf5 45.Qxb4 Rd1+ 46.Re1 Rxe1+  1/2-1/2

[Event "Arco op"]
[Site "Arco di Trento"]
[Date "1989.??.??"]
[Round "7"]
[White "Nurkic, Sahbaz"]
[Black "Laco, Giuseppe"]
[Result "1-0"]
[WhiteElo "2375"]
[BlackElo "2265"]

1.e4 c5 2.Nf3 e6 3.Nc3 a6 4.d4 cxd4 5.Nxd4 Qc7 6.Be2 Nf6 7.O-O Nc6 8.Nxc6 bxc6
9.f4 d5 10.e5 Bc5+ 11.Kh1 Ng8 12.Na4 Ba7 13.c4 Ne7 14.c5 g6 15.Be3 Nf5 16.Bg1 h5
17.Bd3 h4 18.Bxf5 exf5 19.Nb6 Bxb6 20.cxb6 Qd7 21.Bc5 h3 22.g3 Bb7 23.Qd4 Qe6
24.Rfe1 Kd7 25.Rac1 Rag8 26.Qd2 Kc8 27.Kg1 Rh5 28.Be3 Kb8 29.a4 Rhh8 30.Qd4 Rc8
31.b4 Qd7 32.b5 c5 33.Rxc5 Rxc5 34.Qxc5 Rc8 35.Qd6+ Qxd6 36.exd6 axb5 37.axb5 Rd8
38.Bd4 Bc8 39.Rc1 Be6 40.Kf2 Rd7 41.Ke3 Kb7 42.Rc6 Kb8 43.Bf6 Kb7 44.Kd4 Kb8
45.Rc1 Kb7 46.Kc5 d4 47.Rd1 Bb3 48.Rxd4 Bc2 49.Rd5 Be4 50.Re5 Bg2 51.Re8 Bf3
52.Bd8  1-0

[Event "ARG-ch sf"]
[Site "ARG"]
[Date "1989.??.??"]
[Round "?"]
[White "Garbarino, Rodolfo"]
[Black "Anelli, Antonio"]
[Result "1-0"]
[WhiteElo "2345"]
[BlackElo "2320"]

1.e4 c5 2.Nf3 e6 3.d4 cxd4 4.Nxd4 a6 5.Nc3 Qc7 6.f4 d6 7.Qf3 Nc6 8.Be3 Nf6
9.O-O-O Nxd4 10.Bxd4 e5 11.fxe5 dxe5 12.Qg3 Nd7 13.Nd5 Qd6 14.Be3 Qc6 15.Rd3 Rb8
16.Be2 f6 17.Rc3 Qa4 18.Bh5+ g6 19.Bxg6+ hxg6 20.Qxg6+ Kd8 21.Bb6+ Nxb6 22.Qxf6+ Ke8
23.Nc7+ Kd7 24.Rd1+  1-0

[Event "Athens op"]
[Site "Athens"]
[Date "1989.??.??"]
[Round "?"]
[White "Papastavropoulos, Andreas"]
[Black "Vasiukov, Evgeni"]
[Result "0-1"]
[WhiteElo "2205"]
[BlackElo "2510"]

1.e4 c5 2.Nf3 e6 3.d4 cxd4 4.Nxd4 a6 5.Nc3 Qc7 6.Bd3 Nf6 7.O-O Bc5 8.Nb3 Be7
9.Qe2 d6 10.f4 Nc6 11.Be3 O-O 12.a4 b6 13.f5 exf5 14.exf5 d5 15.Bg5 Nb4 16.Rf4 Re8
17.Qf3 Nxd3 18.cxd3 Bb7 19.d4 h6 20.Bxf6 Bxf6 21.h4 Rac8 22.Rf1 Qd8 23.Qf2 Qe7
24.Nd2 Qe3 25.Qxe3 Rxe3 26.Nf3 Ree8 27.g4 Be7 28.g5 Bd6 29.Rg4 h5 30.Rg2 Rc4
31.Rd1 Kf8 32.f6 Rb4 33.fxg7+ Kxg7 34.Rf1 Bc6 35.Rgf2 Re7 36.Kg2 Rc4 37.Ra1 a5
38.Raf1 Rb7 39.Re2 Rc7 40.Rfe1 Rc8 41.Kf2 Bb4 42.g6 Bxc3 43.bxc3 f6 44.Re7+ Kxg6
45.Rg1+ Kf5 46.Nd2 Rxc3 47.Nf1 Bxa4 48.Ng3+ Rxg3 49.Rxg3 Bd1 50.Rg1 Rc2+
51.Ke1 Bf3 52.Rg3 Kf4 53.Rg6 Be4 54.Rxf6+ Ke3 55.Kd1 Rb2 56.Rc7 a4 57.Rc3+ Kxd4
58.Ra3 b5 59.Rh6 Rh2 60.Rb6 Bd3 61.Kc1 Bc4 62.Rf3 Rxh4 63.Rbf6 b4 64.R3f4+ Rxf4
65.Rxf4+ Kc3 66.Rh4 b3 67.Rh3+ Bd3 68.Rh2 a3 69.Rc2+ Kd4  0-1

[Event "Athens op"]
[Site "Athens"]
[Date "1989.??.??"]
[Round "?"]
[White "Pandavos, Panayotis"]
[Black "Ipek, Ali"]
[Result "1/2-1/2"]
[WhiteElo "2300"]
[BlackElo "2320"]

1.e4 c5 2.Nf3 e6 3.d4 cxd4 4.Nxd4 a6 5.Nc3 Qc7 6.g3 Bb4 7.Ne2 b5 8.Bg2 Bb7
9.O-O Nf6 10.Bf4 Qb6 11.a3 Be7 12.e5 Bxg2 13.Kxg2 Qb7+ 14.f3 Nh5 15.Be3 f5
16.h3 g6 17.Bh6 Rg8 18.g4 Ng7 19.Nd4 Nc6 20.Nxc6 Qxc6 21.Qd3 Kf7 22.Rad1 Rad8
23.Ne2 d5 24.exd6 Rxd6 25.Qc3 Qxc3 26.Nxc3 Ne8 27.Bf4 Rxd1 28.Rxd1 Nf6 29.g5 Nh5
30.Be5 Rd8 31.Rxd8 Bxd8 32.h4 Ng7 33.a4 b4 34.Na2 a5 35.c3 bxc3 36.Bxc3 Ne8
37.b4 axb4 38.Bxb4 Bb6 39.a5 Ba7 40.Be1 Ke7 41.Nc3 Nc7 42.Bg3 Na6 43.Nb5 Bc5
44.Nc7 Nxc7 45.Bxc7 Kd7 46.Bg3 Kc6 47.Bf2 e5 48.Be1 Kb5 49.Kf1 Bd6 50.Ke2 Bc7
51.Kd3 Bxa5 52.Bxa5 Kxa5 53.Kc4 Kb6 54.Kd5 e4 55.fxe4 f4 56.Kd4 Kc6  1/2-1/2

[Event "Athens op"]
[Site "Athens"]
[Date "1989.??.??"]
[Round "?"]
[White "Papastavropoulos, Andreas"]
[Black "Ipek, Ali"]
[Result "1/2-1/2"]
[WhiteElo "2205"]
[BlackElo "2320"]

1.e4 c5 2.Nf3 e6 3.d4 cxd4 4.Nxd4 a6 5.Nc3 Qc7 6.Bd3 Nf6 7.Qe2 d6 8.a4 Nc6
9.Nb3 b6 10.O-O Be7 11.f4 h5 12.f5 e5 13.Bg5 Nb4 14.Rad1 Bb7 15.Bxf6 Bxf6
16.Rf3 h4 17.Bc4 Rc8 18.Bb5+ Ke7 19.Bd3 Bg5 20.Kh1 Rh6 21.Nd2 Kf8 22.Rh3 Bf6
23.Nf1 Kg8 24.Ne3 Bg5 25.Ned5 Nxd5 26.exd5 Ra8 27.Qg4 Bf6 28.Be4 Rc8 29.g3 Kf8
30.gxh4 Qc5 31.h5 b5 32.axb5 axb5 33.Bg2 Ke7 34.Be4 Qb4 35.Qe2 Rc4 36.Bg2 Rh8
37.Nxb5 Qxb5 38.Rb3 Qa6 39.Rxb7+ Qxb7 40.Qxc4 Rxh5 41.Rd3 Rh4 42.Rb3 Qa7
43.Qb5 Qa1+ 44.Bf1 Bg5 45.Qa6 Qe1 46.Rb7+ Kf6 47.Qxd6+ Kxf5 48.Qd7+ Kf4 49.Qa4+ e4
50.Rxf7+ Bf6 51.Qc4 Qf2 52.Qc7+ Kf5 53.Rxf6+ gxf6 54.Qd7+ Kg6 55.Qe8+ Kg5
56.Qg8+ Kf4 57.Qg2 Qxg2+ 58.Kxg2 Ke5 59.c4 f5 60.b4 f4 61.b5 Rh6 62.h3 Kd4
63.Kf2 f3 64.h4 Rxh4 65.d6 Rh6 66.d7 Rh8 67.c5 Rf8 68.c6 e3+ 69.Kg1 Rg8+
70.Kh2 e2 71.c7 exf1=Q 72.d8=Q+ Rxd8 73.cxd8=Q+ Kc4 74.Qg8+ Kxb5 75.Qg1 Qd3
76.Qf2 Qd6+ 77.Kh3 Qf4 78.Qc5+ Ka4 79.Qa3+  1/2-1/2

[Event "Athens Akropolis (Women)"]
[Site "Athens"]
[Date "1989.??.??"]
[Round "?"]
[White "Gocheva, Rumiana B"]
[Black "Makropoulou, Marina"]
[Result "1-0"]
[WhiteElo "2210"]
[BlackElo "2255"]

1.e4 c5 2.Nf3 e6 3.d4 cxd4 4.Nxd4 a6 5.Nc3 Qc7 6.g3 Bb4 7.Bd2 Nf6 8.Bg2 Nc6
9.Nxc6 dxc6 10.O-O O-O 11.Qe2 e5 12.Qc4 a5 13.a3 Be6 14.Qe2 Bc5 15.h3 b5
16.Rfd1 Qb6 17.Qf3 Nd7 18.g4 Rfd8 19.Ne2 Nf8 20.Ng3 Ra7 21.Bc3 Ng6 22.Rxd8+ Qxd8
23.Rd1 Rd7 24.Rxd7 Bxd7 25.Nf5 Be6 26.b4 axb4 27.axb4 Bf8 28.Bf1 h6 29.Qd3 Qxd3
30.Bxd3 f6 31.Bd2 Kf7 32.Kg2 Nf4+ 33.Bxf4 exf4 34.Nd4 Bxb4 35.Nxc6 Bc5 36.Bxb5 Ba2
37.Na5 Ke7 38.Kf3 g5 39.Bc4 Bb1 40.Bb3 Bd4 41.Nc6+ Kd6 42.Nxd4  1-0

[Event "AUT-chT"]
[Site "?"]
[Date "1989.??.??"]
[Round "?"]
[White "Dueckstein, Andreas"]
[Black "Felsberger, Alfred"]
[Result "1-0"]
[WhiteElo "2345"]
[BlackElo "2320"]

1.e4 c5 2.Nf3 e6 3.Nc3 a6 4.d4 cxd4 5.Nxd4 Qc7 6.g3 Nf6 7.Bg2 d6 8.O-O Be7
9.Be3 O-O 10.g4 Nc6 11.g5 Nd7 12.f4 Nxd4 13.Qxd4 Rd8 14.a4 b6 15.Rf3 Rb8
16.Qd1 Bb7 17.Rh3 Rbc8 18.Qh5 Nf8 19.Rd1 b5 20.axb5 axb5 21.Rd2 b4 22.Ne2 d5
23.exd5 Bxd5 24.Bxd5 Rxd5 25.Rxd5 exd5 26.Nd4 Bc5 27.g6 fxg6 28.Qxd5+ Qf7
29.Qxf7+ Kxf7 30.c3 Ra8 31.cxb4 Bxb4 32.Nf3 Bd6 33.Ng5+ Kg8 34.Ne4 Be7 35.Nd2 Ne6
36.Rf3 Bf6 37.b3 Ra2 38.Nc4 Nd4 39.Bxd4 Bxd4+ 40.Kh1 Kf7 41.Rd3 Bc5 42.Rd5 Be7
43.f5 gxf5 44.Rxf5+ Ke6 45.Re5+ Kd7 46.Nb6+ Kd6  1-0